| 000 | 00452nam a2200169Ia 4500 | ||
|---|---|---|---|
| 008 | 221030s9999 xx 000 0 und d | ||
| 020 | _a8178085917 | ||
| 041 | _aEnglish | ||
| 082 |
_a105.23 _bHor |
||
| 100 | _aC. T. Horngren | ||
| 245 | 0 |
_aIntroduction To Management Accounting _cby C. T. Horngren, G. L. Sundem |
|
| 260 |
_bPearson Educaiton _aNew Delhi _c2003 |
||
| 300 | _a789 | ||
| 650 | _aBE Management | ||
| 700 | _aG. L. Sundem | ||
| 942 | _cBK | ||
| 999 |
_c2066 _d2066 |
||